| Tag |
First Indicator |
Second Indicator |
Subfields |
| LEADER |
00000cam a2200000 i 4500 |
| 001 |
in00003469421 |
| 005 |
20151206102850.0 |
| 008 |
140515s2014 scua b 001 0 eng |
| 010 |
|
|
|a 2014019125
|
| 020 |
|
|
|a 9781626194335
|
| 020 |
|
|
|a 1626194335
|
| 035 |
|
|
|a (OCoLC)ocn876350175
|
| 040 |
|
|
|a DLC
|e rda
|c DLC
|d UtOrBLW
|
| 043 |
|
|
|a n-us-mo
|a n-us---
|
| 049 |
|
|
|a TXAM
|
| 050 |
0 |
0 |
|a E517
|b .E79 2014
|
| 082 |
0 |
0 |
|a 973.709778
|2 23
|
| 100 |
1 |
|
|a Erwin, James W.,
|e author.
|
| 245 |
1 |
4 |
|a The homefront in Civil War Missouri /
|c James W. Erwin.
|
| 264 |
|
1 |
|a Charleston, S.C. :
|b History Press,
|c 2014.
|
| 300 |
|
|
|a 124 pages :
|b illustrations ;
|c 23 cm.
|
| 336 |
|
|
|a text
|b txt
|2 rdacontent
|
| 337 |
|
|
|a unmediated
|b n
|2 rdamedia
|
| 338 |
|
|
|a volume
|b nc
|2 rdacarrier
|
| 504 |
|
|
|a Includes bibliographical references (pages [117]-122) and index.
|
| 505 |
0 |
|
|a A border state on the cusp of the war -- The problem of slavery in a loyal border state -- Dispensing and dispensing with justice in a guerrilla war -- Missouri as military base -- Living with soldiers and guerrillas: rural Missouri in 1862 -- Religion and religious freedom in the midst of guerrilla war -- Women couriers, cannoneers and children fight the war -- War weariness sets in: rural Missouri in 1863-64 -- Medical care and the Western Sanitary Commission -- Confrontation, emancipation, and the ironclad oath.
|
| 651 |
|
0 |
|a Missouri
|x History
|y Civil War, 1861-1865
|x Social aspects.
|
| 651 |
|
0 |
|a United States
|x History
|y Civil War, 1861-1865
|x Social aspects.
|
| 856 |
4 |
2 |
|3 Publisher description
|u http://catdir.loc.gov/catdir/enhancements/fy1408/2014019125-d.html
|t 0
|
| 856 |
4 |
2 |
|3 Contributor biographical information
|u http://catdir.loc.gov/catdir/enhancements/fy1408/2014019125-b.html
|t 0
|
| 945 |
|
|
|a PromptCat
|
| 946 |
|
|
|a stk
|
| 947 |
|
|
|a A14840654260
|
| 948 |
|
|
|a cataloged
|b h
|c 2014/8/18
|d c
|e dmitchel
|f 12:00:00 pm
|
| 994 |
|
|
|a 92
|b TXA
|
| 999 |
|
|
|a MARS
|
| 999 |
f |
f |
|s 7860ab9f-b020-3c18-862d-2b48bbd3c2f6
|i 36addd02-61f8-3cad-a469-55bebce6654f
|t 0
|
| 952 |
f |
f |
|p normal
|a Texas A&M University
|b College Station
|c Sterling C. Evans Library
|d Evans: Library Stacks
|t 0
|e E517 .E79 2014
|h Library of Congress classification
|i unmediated -- volume
|m A14840654260
|
| 998 |
f |
f |
|a E517 .E79 2014
|t 0
|l Evans: Library Stacks
|